| 000 | 00690cam a2200193 i 4500 | ||
|---|---|---|---|
| 999 |
_c57536 _d57536 |
||
| 001 | 18056339 | ||
| 005 | 20211220125023.0 | ||
| 008 | 140305s2014 enk ob 001 0 eng | ||
| 020 | _a9781118539514 | ||
| 041 | _aeng | ||
| 080 | _a005.915 L-87 | ||
| 100 |
_aLouisot, Jean-Paul. _99020 |
||
| 245 | 0 | 0 |
_aERM, enterprise risk management : _bissues and cases / _c[edited by] Jean-Paul Louisot, Christopher H. Ketcham. |
| 264 | 1 |
_aChichester, West Sussex, United Kingdom : _bWiley, _c2014. |
|
| 300 |
_a262 p. _b23 cm. |
||
| 653 | _aსაწარმოს რისკის მენეჯმენტი | ||
| 700 | 1 |
_aKetcham, Christopher. _eავტორი _99023 |
|
| 942 |
_2udc _cBK |
||